|
|
|
|
| LEADER |
01644njm a2200421 a 4500 |
| 001 |
000332346 |
| 003 |
CZ BrMZK |
| 005 |
20230823134909.0 |
| 008 |
970101s1991 xx f rus d |
| 028 |
0 |
3 |
|a 46290/14, 46290/15
|b Sony Music Entertainment
|
| 040 |
|
|
|a BOA001
|b cze
|
| 080 |
|
|
|a 792.54(086.7)
|2 MRF
|
| 080 |
|
|
|a 782.1(420)(086.7)
|2 MRF
|
| 100 |
1 |
|
|a Stravinsky, Igor,
|d 1882-1971
|7 jn19992001136
|4 cmp
|4 cnd
|
| 245 |
1 |
0 |
|a Operas
|h [zvukový záznam] /
|c Igor Stravinsky.
|
| 246 |
3 |
3 |
|a Mavra
|
| 246 |
3 |
3 |
|a Nichtigale
|
| 246 |
3 |
3 |
|a 35 songs
|
| 260 |
|
|
|a [S.l.] :
|b Sony Music Entertainment,
|c p1991
|
| 300 |
|
|
|a 2 CD :
|b ADD ;
|c 12 cm +
|e 1 brožura (132 s.).
|
| 306 |
|
|
|a 010103
|a 011302
|
| 490 |
1 |
|
|a Igor Stravinsky edition ;
|v vol. 8
|
| 500 |
|
|
|a Nahr. 1960, 1964, 1967, 1968, 1954, 1965
|
| 500 |
|
|
|a Durata 73:02, 61:03
|
| 500 |
|
|
|a Text a libreta v brož. vícejaz.
|
| 505 |
0 |
|
|a The Nightingale, Mavra, 35 Songs.
|
| 511 |
0 |
|
|a Chorus and orchestra of the Opera Society of Washington D.C., sbm. John Moriarty; CBC Symphony Orchestra; Columbia Symphony Orchestra
|
| 653 |
0 |
|
|a anglické operní texty
|a opery
|
| 700 |
1 |
|
|a Moriarty, John,
|d 1930-2022
|7 mzk20231198553
|4 cnd
|
| 710 |
2 |
|
|a Opera Society of Washington.
|b Choir
|
| 710 |
2 |
|
|a Columbia Symphony Orchestra
|7 mzk2004218531
|
| 710 |
2 |
|
|a Opera Society of Washington.
|b Orchestra
|
| 710 |
2 |
|
|a CBC Symphony Orchestra
|7 mzk2004218523
|
| 830 |
|
0 |
|a Igor Stravinsky edition
|
| 910 |
|
|
|a BOA001
|b CD-0006.201
|
| 964 |
|
|
|a Opery
|x texty anglické
|x CD
|
| 990 |
|
|
|a AV
|
| 996 |
6 |
|
|b 261H006514
|c CD-0006.201
|l MZK
|r Sklad / do 24 hodin
|n 0
|w 000332346
|u 000010
|a 1
|e BOA001
|j MZK50
|s P
|